2025-2026 NFL Top 15 Sack Leaders - Statistics

General Stats
  • This quiz has been taken 76 times
  • The average score is 7 of 15
Answer Stats
Sacks Answer % Correct
23 Myles Garrett
99%
12.5 Micah Parsons
73%
12 Will Anderson Jr.
70%
16.5 Brian Burns
66%
15 Danielle Hunter
66%
14.5 Aidan Hutchinson
63%
14 Nik Bonitto
49%
12 Josh Sweat
37%
10 Montez Sweat
37%
12 Byron Young
34%
10.5 Cameron Jordan
30%
11 Jeffery Simmons
29%
10.5 James Pearce Jr.
27%
13 Tuli Tuipulotu
21%
11 Al-Quadin Muhammad
14%
No matching quizzes found
Score Distribution
Percent of People with Each Score
Percentile by Number Answered
Your Score History
You have not taken this quiz